Países con el Mayor Número de Catedrales - Estadísticas

Estadísticas generales
  • Esta prueba ha sido intentada 5.297 veces
  • La puntuación promedio es 16 de 20
Estadísticas de respuestas
# País % Correcto
89 España
99%
183 Francia
98%
405 Italia
98%
29 Alemania
94%
223 Estados Unidos
94%
93 México
92%
69 Argentina
91%
280 Brasil
89%
42 Reino Unido
89%
80 Colombia
85%
68 Canadá
83%
62 Polonia
80%
34 Perú
79%
71 China
76%
39 Venezuela
76%
30 Australia
67%
192 India
66%
89 Filipinas
48%
37 Indonesia
44%
54 Nigeria
31%
No se encontraron pruebas coincidentes
Distribución de puntuación
Porcentaje de gente con cada puntuación
Porcentaje por número respondido
Historial de tus puntuaciones
No has intentado esta prueba.